000 01034cam a2200289 4500
001 2261737
003 OSt
005 20230704120214.0
008 700908s1970 flu b 000 0 eng
010 _a 77630981
020 _a0813003040
040 _aDLC
_cDLC
_dDLC
043 _an-us---
082 0 0 _a341.6
_bINT
100 1 _aHenderson, Thomas A.
245 1 0 _aCongressional oversight of executive agencies;
_ba study of the House Committee on Government Operations
_c[by] Thomas A. Henderson.
260 _aGainesville,
_bUniversity of Florida Press,
_c1970.
300 _a74 p.
_c23 cm.
350 _a2.00
490 1 _aUniversity of Florida social sciences monograph, no. 40
504 _aIncludes bibliographical references.
610 1 0 _aUnited States.
_bCongress.
_bHouse.
_bCommittee on Government Operations.
650 0 _aLegislative oversight
_zUnited States.
830 0 _aUniversity of Florida monographs.
_pSocial sciences ;
_vno. 40.
906 _a7
_bcbc
_corignew
_d2
_encip
_f19
_gy-gencatlg
942 _2ddc
_cBK
999 _c3769
_d3769